| 000 | 00496nam a2200145Ia 4500 | ||
|---|---|---|---|
| 008 | 140724s9999 xx 000 0 und d | ||
| 050 |
_aTS 155 _b.J91 2014 |
||
| 100 | _aJuane, Mark Joseph A. | ||
| 245 | 2 |
_aA computerized inventory system for Musico Mobile Audio / _cMark Joseph A. Juane. |
|
| 260 |
_aLas PiƱas, Philippines : _bSouthville International School and Colleges, _cc2014. |
||
| 300 |
_a91 p. : _bill. ; _c28 cm. |
||
| 521 | _aInformation Technology | ||
| 942 | _cTH | ||
| 999 |
_c229330 _d229330 |
||